5 Things you Should Know Before Investing / (Record no. 172369)

MARC details
000 -LEADER
fixed length control field 00560nam a22001817a 4500
005 - DATE AND TIME OF LATEST TRANSACTION
control field 20200204141818.0
010 ## - LCCN (DPL NO)
LC control number ENG-127628
020 ## - INTERNATIONAL STANDARD BOOK NUMBER
International Standard Book Number 9789380200705
Terms of availability 199.00
035 ## - SYSTEM CONTROL NUMBER
System control number EN-111160
037 ## - SOURCE OF ACQUISITION
Source of stock number/acquisition DBAD/PUB
082 ## - DEWEY DECIMAL CLASSIFICATION NUMBER
Classification number 332.06
100 ## - MAIN ENTRY--PERSONAL NAME
Personal name Chauhan,Manish
245 ## - TITLE STATEMENT
Title 5 Things you Should Know Before Investing /
Remainder of title by Manish Chauhan
260 ## - PUBLICATION, DISTRIBUTION, ETC. (IMPRINT)
Place of publication, distribution, etc Mumbai
Name of publisher, distributor, etc Bestsellers18
Date of publication, distribution, etc 2012
270 ## - ADDRESS
City Mumbai
Address B-23,Royal Industrial Estate,5-B, Naigun Cross Road,Wadala
Postal code 400013
300 ## - PHYSICAL DESCRIPTION
Extent 137p.
Other physical details 18cm(pbk)
942 ## - ADDED ENTRY ELEMENTS (KOHA)
Source of classification or shelving scheme Dewey Decimal Classification
Item type English Books
Classification part 332.6
Call number suffix CHA
Holdings
Withdrawn status Lost status Not for loan Collection code Home library Current library Date acquired Source of acquisition Cost, normal purchase price Full call number Barcode Copy number Cost, replacement price Koha item type
    Not For Loan Non-fiction D.B.Act.Division D.B.Act.Division 04/02/2020 DBAD/PUB 199.00 332.6 CHA EN-111160 1 199.00 English Books

© Delhi Public Library
Hit Counter
free hit counter